[Event "4NCL Online Division 4"]
[Site "online"]
[Date "2020.05.12"]
[Round "6.143"]
[White "Murray, Benjamin"]
[Black "Gallagher, Dominic"]
[Result "1-0"]
[WhiteElo "1746"]
[BlackElo "1570"]
[PlyCount "75"]
[EventDate "2020.05.12"]
[WhiteTeam "St Benildus B"]
[BlackTeam "Bradford DCA Knights B"]

1. e4 e5 2. Nf3 Nc6 3. Bc4 Bc5 4. c3 Nf6 5. d4 exd4 6. cxd4 Bb4+ 7. Bd2 Nxe4 8.
Bxb4 Nxb4 9. Bxf7+ Kxf7 10. Qb3+ Ke8 11. Qxb4 Qe7 12. Qxe7+ Kxe7 13. O-O d5 14.
Re1 Kd6 15. Ne5 Rf8 16. f3 Nf6 17. Nc3 c6 18. b4 Bf5 19. b5 Rac8 20. bxc6 bxc6
21. Rac1 h5 22. Na4 Nd7 23. Rc3 g5 24. g4 hxg4 25. fxg4 Be4 26. Nxd7 Kxd7 27.
Nc5+ Kd6 28. Rce3 Rce8 29. Nxe4+ Rxe4 30. Rxe4 dxe4 31. Rxe4 Rf4 32. Rxf4 gxf4
33. Kf2 Kd5 34. Kf3 Kxd4 35. h4 c5 36. h5 c4 37. h6 c3 38. h7 1-0

[Event "4NCL Online Division 4"]
[Site "online"]
[Date "2020.05.12"]
[Round "6.144"]
[White "Waite, Nicholas"]
[Black "Putar, Slavko"]
[Result "0-1"]
[WhiteElo "1412"]
[BlackElo "1654"]
[PlyCount "50"]
[EventDate "2020.05.12"]
[WhiteTeam "Bradford DCA Knights B"]
[BlackTeam "St Benildus B"]

1. d4 Nf6 2. Nc3 g6 3. Bf4 a6 4. e3 Bg7 5. Nf3 O-O 6. h4 d5 7. h5 Bg4 8. hxg6
fxg6 9. Be2 Nbd7 10. Ng5 Bxe2 11. Qxe2 c5 12. Ne6 Qb6 13. Nxg7 cxd4 14. exd4
Qxb2 15. Qe6+ Rf7 16. O-O Kxg7 17. Nxd5 Qxd4 18. Rad1 Qe4 19. Nc7 Qxe6 20.
Nxe6+ Kg8 21. Ng5 Rff8 22. Rfe1 Rfe8 23. Ne6 Rac8 24. Nc7 Rf8 25. Bh6 Rxc7 0-1

[Event "4NCL Online Division 4"]
[Site "online"]
[Date "2020.05.12"]
[Round "6.151"]
[White "Jenkins, John"]
[Black "Robbings, Andrew MJ"]
[Result "1-0"]
[WhiteElo "2065"]
[BlackElo "2027"]
[PlyCount "63"]
[EventDate "2020.05.12"]
[WhiteTeam "Stroud The Old"]
[BlackTeam "Wantage"]

1. d4 d5 2. c4 e6 3. Nc3 f5 4. Bf4 Bd6 5. e3 c6 6. Nf3 Nf6 7. Bd3 Qc7 8. Ne2
O-O 9. O-O Ne4 10. Rc1 Nd7 11. c5 Bxf4 12. exf4 b5 13. Ne5 a5 14. f3 Nef6 15.
Qc2 h6 16. h3 Nxe5 17. fxe5 Nh7 18. Nf4 Qf7 19. g4 g6 20. Qh2 b4 21. Rf2 Ba6
22. Bb1 g5 23. Nh5 f4 24. Kg2 Ra7 25. Rd2 Rc8 26. Bxh7+ Kxh7 27. h4 Qg6 28. Rh1
Rf8 29. hxg5 Qxg5 30. Kf2 Kg6 31. Qg1 Rh7 32. Qb1+ 1-0

[Event "4NCL Online Division 4"]
[Site "online"]
[Date "2020.05.12"]
[Round "6.152"]
[White "Carter, John P"]
[Black "Brown, Graham K"]
[Result "1-0"]
[WhiteElo "1802"]
[BlackElo "1757"]
[PlyCount "65"]
[EventDate "2020.05.12"]
[WhiteTeam "Wantage"]
[BlackTeam "Stroud The Old"]

1. e4 d5 2. exd5 Nf6 3. c4 e6 4. dxe6 Bxe6 5. d4 Bb4+ 6. Bd2 Bxd2+ 7. Qxd2 Qe7
8. Qe3 Ng4 9. Qa3 Qf6 10. Nf3 Nc6 11. d5 O-O-O 12. Be2 Rhe8 13. O-O Bf5 14.
dxc6 Rxe2 15. cxb7+ Kb8 16. Nc3 Re6 17. Rad1 Bd3 18. Rfe1 Rxe1+ 19. Rxe1 Bxc4
20. Qb4 Be6 21. h3 Nh6 22. Ne4 Qf4 23. a3 Bxh3 24. gxh3 Qxf3 25. Qe7 Rd1 26.
Qe8+ Kxb7 27. Nc5+ Kb6 28. Nd7+ Rxd7 29. Qxd7 Qb3 30. Rc1 c5 31. Qd6+ Kb7 32.
Qxc5 Qb6 33. Qc8# 1-0

[Event "4NCL Online Division 4"]
[Site "online"]
[Date "2020.05.12"]
[Round "6.153"]
[White "Walker, Adrian"]
[Black "Mills, Matt"]
[Result "1-0"]
[WhiteElo "1750"]
[BlackElo "1465"]
[PlyCount "95"]
[EventDate "2020.05.12"]
[WhiteTeam "Stroud The Old"]
[BlackTeam "Wantage"]

1. e4 e5 2. Nf3 Nc6 3. Bc4 Nf6 4. d3 Bc5 5. c3 d6 6. O-O O-O 7. a4 Bg4 8. h3
Be6 9. b4 Bxb4 10. cxb4 Nxb4 11. Bxe6 fxe6 12. Qb3 c5 13. Bd2 a5 14. Ng5 Qe7
15. Bxb4 axb4 16. Nd2 Rae8 17. f4 h6 18. Ngf3 exf4 19. Nh4 Nh5 20. Nf5 Qd7 21.
Nh4 Kh7 22. Nhf3 e5 23. Qd1 Ng3 24. Re1 g5 25. Nh2 Rg8 26. Ndf1 Nxf1 27. Rxf1
Re7 28. Ng4 Re6 29. Nf2 Reg6 30. a5 Ra8 31. Ng4 h5 32. Nf6+ Rxf6 33. Qxh5+ Rh6
34. Qxg5 Qg7 35. Qf5+ Kh8 36. Rf3 Rf8 37. Qg4 Qxg4 38. hxg4 Ra8 39. Kf2 Rg6 40.
Rh3+ Kg7 41. Kf3 Ra6 42. Rah1 Kf6 43. Rh7 b6 44. Rb7 bxa5 45. Rhh7 a4 46. Rhf7+
Kg5 47. Rf5+ Kh6 48. Rh5# 1-0

[Event "4NCL Online Division 4"]
[Site "online"]
[Date "2020.05.12"]
[Round "6.154"]
[White "Cordon, Ray"]
[Black "Reekie-Black, Matthew"]
[Result "0-1"]
[WhiteElo "1232"]
[BlackElo "1615"]
[PlyCount "28"]
[EventDate "2020.05.12"]
[WhiteTeam "Wantage"]
[BlackTeam "Stroud The Old"]

1. e4 e5 2. Nf3 Nc6 3. Bc4 Nf6 4. Ng5 Bc5 5. Nxf7 Bxf2+ 6. Kf1 Qe7 7. Nxh8 d5
8. Bxd5 Bg4 9. Bxc6+ bxc6 10. Qxg4 Nxg4 11. h3 Qf8 12. hxg4 Bg3+ 13. Ke2 Qf2+
14. Kd1 Qxg2 0-1

[Event "4NCL Online Division 4"]
[Site "online"]
[Date "2020.05.12"]
[Round "6.161"]
[White "Chaplin, Peter E"]
[Black "Spiller, Paul"]
[Result "0-1"]
[WhiteElo "2046"]
[BlackElo "1900"]
[PlyCount "58"]
[EventDate "2020.05.12"]
[WhiteTeam "Weston Super Mare"]
[BlackTeam "Clevedon"]

1. b3 f5 2. Bb2 Nf6 3. Bxf6 exf6 4. c4 d5 5. cxd5 Qxd5 6. Nc3 Qa5 7. a3 c5 8.
g3 Bd7 9. Bg2 Bc6 10. Nf3 Nd7 11. b4 cxb4 12. axb4 Qxb4 13. O-O Be7 14. Qc2 O-O
15. Qxf5 Qc4 16. Rfc1 Qf7 17. d4 Nb6 18. e4 Rfd8 19. Qa5 Nc4 20. Qa2 Nd6 21. d5
Be8 22. Nd4 Bd7 23. f4 Rdc8 24. e5 fxe5 25. fxe5 Qh5 26. exd6 Bg5 27. Ne6 Bxc1
28. Rxc1 Qe5 29. Nc7 Qe3+ 0-1

[Event "4NCL Online Division 4"]
[Site "online"]
[Date "2020.05.12"]
[Round "6.162"]
[White "Bellingham, Andy"]
[Black "Szarka, Szilard"]
[Result "0-1"]
[WhiteElo "1885"]
[BlackElo "1895"]
[PlyCount "84"]
[EventDate "2020.05.12"]
[WhiteTeam "Clevedon"]
[BlackTeam "Weston Super Mare"]

1. e4 e5 2. Nf3 Nc6 3. Bb5 a6 4. Bxc6 dxc6 5. d4 exd4 6. Qxd4 Be6 7. Qxd8+ Rxd8
8. O-O Bc5 9. Bf4 Bb6 10. Nc3 Nf6 11. Bg5 h6 12. Bh4 g5 13. Bg3 Nh5 14. Rad1
Rxd1 15. Rxd1 Nxg3 16. hxg3 Ke7 17. Nd4 Bxd4 18. Rxd4 Rd8 19. Rxd8 Kxd8 20. f3
Ke7 21. g4 Kd6 22. Kf2 Ke5 23. Ke3 b5 24. a3 f6 25. g3 Kd6 26. Ne2 c5 27. Nc1
c4 28. Ne2 c5 29. Nc3 b4 30. axb4 cxb4 31. Ne2 Kc5 32. Nd4 Bd7 33. b3 a5 34.
Ne2 a4 35. bxa4 Bxa4 36. Kd2 c3+ 37. Kd1 Bb5 38. Ng1 Kd4 39. Ne2+ Ke3 40. Nc1
Bc4 41. Ke1 Kxf3 42. Nd3 b3 0-1

[Event "4NCL Online Division 4"]
[Site "online"]
[Date "2020.05.12"]
[Round "6.163"]
[White "Isaac, Oliver T"]
[Black "Peters, David"]
[Result "0-1"]
[WhiteElo "1682"]
[BlackElo "1795"]
[PlyCount "38"]
[EventDate "2020.05.12"]
[WhiteTeam "Weston Super Mare"]
[BlackTeam "Clevedon"]

1. d4 d5 2. Bf4 e6 3. e3 Bd6 4. Bg3 f5 5. Nf3 Nf6 6. Be2 O-O 7. Nbd2 Ne4 8.
Bxd6 Qxd6 9. Ne5 Nd7 10. Ndf3 Qb4+ 11. Kf1 Qxb2 12. Nxd7 Bxd7 13. Rb1 Qxa2 14.
Rxb7 Rfb8 15. Rb3 Ba4 16. Rxb8+ Rxb8 17. Nd2 Bxc2 18. Qe1 Nxd2+ 19. Qxd2 Rb1+
0-1

[Event "4NCL Online Division 4"]
[Site "online"]
[Date "2020.05.12"]
[Round "6.164"]
[White "Chindelevitch, Leonid"]
[Black "Murphy, Jack"]
[Result "1-0"]
[WhiteElo "1810"]
[BlackElo "1502"]
[PlyCount "57"]
[EventDate "2020.05.12"]
[WhiteTeam "Clevedon"]
[BlackTeam "Weston Super Mare"]

1. e4 c5 2. d4 cxd4 3. c3 dxc3 4. Nxc3 Nc6 5. Bc4 Nf6 6. Nf3 e5 7. Ng5 d5 8.
exd5 Na5 9. Bb5+ Bd7 10. Qa4 b6 11. Be3 h6 12. Nge4 Nxe4 13. Nxe4 Bxb5 14.
Qxb5+ Qd7 15. Nc3 Rd8 16. O-O-O Qxb5 17. Nxb5 Rc8+ 18. Kb1 Nc4 19. d6 Kd7 20.
Nxa7 Ra8 21. Nb5 Nxe3 22. fxe3 Ra5 23. Rd5 f6 24. Rc1 Ke6 25. e4 f5 26. d7 Bd6
27. Rxd6+ Ke7 28. Rc8 Rxb5 29. Rxh8 1-0

[Event "4NCL Online Division 4"]
[Site "online"]
[Date "2020.05.19"]
[Round "7.11"]
[White "Flynn, David"]
[Black "Skulte, Christopher"]
[Result "1/2-1/2"]
[WhiteElo "1900"]
[BlackElo "2177"]
[PlyCount "74"]
[EventDate "2020.05.19"]
[WhiteTeam "Ashfield Anonymous B"]
[BlackTeam "Celtic Tigers Cubs"]

1. e4 c5 2. c3 e6 3. d4 d5 4. exd5 exd5 5. Nf3 Nf6 6. Bb5+ Bd7 7. Qe2+ Be7 8.
Bxd7+ Nbxd7 9. O-O O-O 10. dxc5 Bxc5 11. Nbd2 Re8 12. Qd3 Ne5 13. Nxe5 Rxe5 14.
Nf3 Re4 15. Bg5 Be7 16. Rfd1 Qb6 17. Bxf6 Bxf6 18. Rd2 Rae8 19. Kf1 g5 20. h3
h5 21. Rad1 g4 22. hxg4 hxg4 23. Ng1 d4 24. c4 Bg5 25. Rc2 Qa5 26. Re2 f5 27.
Qb3 b6 28. g3 Kg7 29. Rxd4 Rxe2 30. Nxe2 Rxe2 31. Kxe2 Qe5+ 32. Kd3 Qe1 33. Qc2
Qf1+ 34. Qe2 Qb1+ 35. Qc2 Qf1+ 36. Qe2 Qb1+ 37. Qc2 Qf1+ 1/2-1/2

[Event "4NCL Online Division 4"]
[Site "online"]
[Date "2020.05.19"]
[Round "7.12"]
[White "Pedersen, Carsten"]
[Black "Taylor, Robert P"]
[Result "1-0"]
[WhiteElo "2155"]
[BlackElo "1780"]
[PlyCount "85"]
[EventDate "2020.05.19"]
[WhiteTeam "Celtic Tigers Cubs"]
[BlackTeam "Ashfield Anonymous B"]

1. e4 Nc6 2. Nf3 e6 3. d4 d5 4. e5 f6 5. Bb5 Bd7 6. Bxc6 Bxc6 7. O-O f5 8. Ng5
Bd7 9. b3 Ne7 10. Qh5+ g6 11. Qh3 h6 12. f4 Bg7 13. Nf3 Nc6 14. Qg3 Kf7 15. c3
Qg8 16. Be3 Ne7 17. c4 c6 18. Nc3 a6 19. c5 a5 20. Na4 Nc8 21. Bd2 Bf8 22. Qe1
Be7 23. Qe3 Bd8 24. Rac1 Na7 25. Kh1 Nc8 26. Rg1 Qh7 27. h3 Ne7 28. Rcf1 Bc7
29. Be1 Rag8 30. Bh4 Rf8 31. Bf6 Rhg8 32. Qe1 Ke8 33. Nb6 Nc8 34. Qxa5 Bd8 35.
Bxd8 Kxd8 36. Nxd5+ Ke8 37. Nf6+ Rxf6 38. exf6 Qf7 39. Ne5 Qxf6 40. Qc7 Qe7 41.
Qxb7 g5 42. Nxc6 Qg7 43. Ne5 1-0

[Event "4NCL Online Division 4"]
[Site "online"]
[Date "2020.05.19"]
[Round "7.13"]
[White "Robins, Andrew"]
[Black "Evans, Craig"]
[Result "0-1"]
[WhiteElo "1757"]
[BlackElo "1993"]
[PlyCount "102"]
[EventDate "2020.05.19"]
[WhiteTeam "Ashfield Anonymous B"]
[BlackTeam "Celtic Tigers Cubs"]

1. e4 c6 2. d4 d5 3. f3 e5 4. dxe5 Bc5 5. exd5 Qb6 6. Qe2 Bxg1 7. Nc3 Bc5 8.
Bd2 a6 9. O-O-O Ne7 10. Na4 Qa7 11. Nxc5 Qxc5 12. d6 Nd5 13. Qe4 g6 14. g4 Be6
15. Bd3 Nd7 16. Rhe1 h5 17. h3 hxg4 18. hxg4 O-O-O 19. Rh1 b5 20. a3 Kb7 21.
Be2 Rhe8 22. Bd3 N5b6 23. Rhe1 Qd5 24. Qxd5 Bxd5 25. f4 Bf3 26. Be2 Bxe2 27.
Rxe2 Nf6 28. Rg2 Nfd5 29. Rh1 f6 30. Rh7+ Rd7 31. Rxd7+ Nxd7 32. exf6 N7xf6 33.
f5 gxf5 34. gxf5 Rd8 35. Rg7+ Rd7 36. Bh6 Rxg7 37. Bxg7 Ne4 38. Be5 Kc8 39. b3
Kd7 40. c4 bxc4 41. bxc4 Ne3 42. c5 Nxc5 43. f6 Nd3+ 44. Kd2 Nxe5 45. Kxe3 Kxd6
46. Kd4 c5+ 47. Kc3 Kd5 48. Kb3 Kd4 49. Kc2 Kc4 50. Kb2 Kd3 51. Kb3 c4+ 0-1

[Event "4NCL Online Division 4"]
[Site "online"]
[Date "2020.05.19"]
[Round "7.14"]
[White "Kitchen, Peter J"]
[Black "Fraser, Chris"]
[Result "1/2-1/2"]
[WhiteElo "1862"]
[BlackElo "1622"]
[PlyCount "117"]
[EventDate "2020.05.19"]
[WhiteTeam "Celtic Tigers Cubs"]
[BlackTeam "Ashfield Anonymous B"]

1. Nf3 c5 2. c4 g6 3. d4 cxd4 4. Nxd4 Bg7 5. Nc3 Nc6 6. Nf3 Nf6 7. e4 O-O 8.
Be2 d6 9. h3 Be6 10. Be3 Qa5 11. O-O Rfc8 12. Qd2 a6 13. a3 Qd8 14. Rac1 Rab8
15. b4 Bd7 16. Rfd1 Qe8 17. c5 dxc5 18. e5 Nd4 19. Nxd4 cxd4 20. Qxd4 Ba4 21.
Nxa4 Qxa4 22. Rxc8+ Rxc8 23. exf6 Bxf6 24. Qd7 Qc2 25. Rc1 Qxc1+ 26. Bxc1 Rxc1+
27. Kh2 Rc2 28. Qd3 Rc3 29. Qd8+ Kg7 30. a4 Rc2 31. Qd1 Rb2 32. b5 axb5 33.
axb5 b6 34. g3 Ra2 35. Kg2 Rb2 36. Bc4 Rb4 37. Bf1 Bd4 38. Qe2 Rb2 39. Qd3
Rxf2+ 40. Kh1 Bc5 41. Qc3+ Kg8 42. Bg2 Ra2 43. Bd5 Ra3 44. Qe1 e6 45. Bc6 Re3
46. Qf1 Rxg3 47. Qf4 Rxh3+ 48. Kg2 Ra3 49. Be8 Ra2+ 50. Kh3 Rf2 51. Qb8 Rf3+
52. Kg2 Rf2+ 53. Kh3 Rf3+ 54. Kg4 Rf1 55. Bc6+ Kg7 56. Qe5+ Kg8 57. Qb8+ Kg7
58. Qe5+ Kg8 59. Qb8+ 1/2-1/2

[Event "4NCL Online Division 4"]
[Site "online"]
[Date "2020.05.19"]
[Round "7.21"]
[White "Jennings, Richard"]
[Black "Boumphrey, Luke S"]
[Result "1-0"]
[WhiteElo "1872"]
[BlackElo "2020"]
[PlyCount "103"]
[EventDate "2020.05.19"]
[WhiteTeam "Bon Accord B"]
[BlackTeam "Atticus B"]

1. d4 Nf6 2. Nf3 g6 3. g3 Bg7 4. Bg2 O-O 5. O-O c6 6. a4 a5 7. Nbd2 d5 8. Re1
Na6 9. c3 Re8 10. Ne5 Ng4 11. Nd3 e5 12. h3 e4 13. hxg4 exd3 14. e3 Qg5 15. Bf3
f5 16. gxf5 Bxf5 17. e4 Qe7 18. e5 Qf7 19. g4 Be6 20. Nf1 Rf8 21. Nh2 c5 22.
Be3 c4 23. b3 Rac8 24. Rb1 Rc7 25. Qd2 Nb8 26. b4 axb4 27. Rxb4 Nc6 28. Rb5 Ra8
29. Ra1 Na5 30. Bd1 h5 31. gxh5 gxh5 32. f4 Bf5 33. Nf3 Be4 34. Ng5 Qg6 35.
Rab1 Bh6 36. Rb6 Rc6 37. Rxc6 bxc6 38. Qh2 Bxg5 39. fxg5 h4 40. Qxh4 Kg7 41.
Qh6+ Qxh6 42. gxh6+ Kh7 43. Rb6 Rg8+ 44. Kf1 Ra8 45. Ke1 Nb3 46. Rb7+ Kh8 47.
Bg5 Rxa4 48. Bf6+ Kg8 49. Rg7+ Kf8 50. h7 Bxh7 51. Rxh7 Ra1 52. e6 1-0

[Event "4NCL Online Division 4"]
[Site "online"]
[Date "2020.05.19"]
[Round "7.22"]
[White "Burge, Steve J"]
[Black "Vasiliadis, Theodoros"]
[Result "0-1"]
[WhiteElo "1675"]
[BlackElo "1820"]
[PlyCount "56"]
[EventDate "2020.05.19"]
[WhiteTeam "Atticus B"]
[BlackTeam "Bon Accord B"]

1. e4 c5 2. Nc3 g6 3. f4 Bg7 4. Nf3 Nc6 5. Bc4 e6 6. f5 Nge7 7. fxe6 fxe6 8. d3
d5 9. Bb3 O-O 10. O-O b5 11. exd5 exd5 12. Qe1 c4 13. dxc4 dxc4 14. Bg5 cxb3
15. axb3 Bf5 16. Rd1 Qb6+ 17. Kh1 Rae8 18. Qh4 Bxc2 19. Rd7 b4 20. Na4 Qb5 21.
Re1 Nf5 22. Qf2 Ncd4 23. Rxe8 Rxe8 24. Nxd4 Qxd7 25. Nxc2 Qd1+ 26. Qg1 Qxc2 27.
g4 Re2 28. Bf4 Qe4+ 0-1

[Event "4NCL Online Division 4"]
[Site "online"]
[Date "2020.05.19"]
[Round "7.23"]
[White "Brennan, J Ross"]
[Black "Wadsworth, Mark S"]
[Result "1-0"]
[WhiteElo "1706"]
[BlackElo "1660"]
[PlyCount "71"]
[EventDate "2020.05.19"]
[WhiteTeam "Bon Accord B"]
[BlackTeam "Atticus B"]

1. d4 Nf6 2. Bg5 d5 3. Nf3 Nbd7 4. e3 e6 5. c4 c6 6. Nc3 Be7 7. Rc1 h6 8. Bh4
O-O 9. Bd3 dxc4 10. Bxc4 b5 11. Bd3 Bb7 12. O-O Nd5 13. Bxe7 Qxe7 14. Nxd5 exd5
15. a3 a5 16. Bf5 Nb6 17. Qc2 Nc4 18. Rfe1 b4 19. a4 Bc8 20. Bh7+ Kh8 21. Bd3
Ba6 22. Bxc4 dxc4 23. Ne5 b3 24. Qc3 Qb4 25. Nxc4 Qxa4 26. Nb6 Qb5 27. Nxa8
Rxa8 28. Qxc6 Qxc6 29. Rxc6 Bb7 30. Rc7 Be4 31. f3 Bc2 32. Rc1 a4 33. R1xc2
bxc2 34. Rxc2 a3 35. bxa3 Rxa3 36. Kf2 1-0

[Event "4NCL Online Division 4"]
[Site "online"]
[Date "2020.05.19"]
[Round "7.24"]
[White "Wiseman, Jim K"]
[Black "McLeod, Alisdair"]
[Result "1/2-1/2"]
[WhiteElo "1622"]
[BlackElo "1421"]
[PlyCount "64"]
[EventDate "2020.05.19"]
[WhiteTeam "Atticus B"]
[BlackTeam "Bon Accord B"]

1. e4 d5 2. d4 dxe4 3. Nc3 Nf6 4. Bg5 Bf5 5. Qe2 a6 6. Bxf6 exf6 7. Nxe4 Bb4+
8. c3 O-O 9. O-O-O Ba5 10. Qf3 Bg6 11. h4 h6 12. Bd3 Nc6 13. Ne2 Kh8 14. Nf4
Bh7 15. Bc2 Rb8 16. g4 b5 17. g5 f5 18. Nf6 gxf6 19. Qxc6 Rb6 20. Qd5 Rd6 21.
Qf3 fxg5 22. hxg5 Qxg5 23. Rdg1 Qf6 24. Nh5 Qe6 25. Rg7 Qxa2 26. Rxh7+ Kxh7 27.
Qxf5+ Rg6 28. Nf6+ Kg7 29. Nh5+ Kg8 30. Nf6+ Kg7 31. Nh5+ Kg8 32. Nf6+ Kg7
1/2-1/2

[Event "4NCL Online Division 4"]
[Site "online"]
[Date "2020.05.19"]
[Round "7.31"]
[White "Dean, Robert A"]
[Black "Chaplin, Peter E"]
[Result "0-1"]
[WhiteElo "1744"]
[BlackElo "2046"]
[PlyCount "40"]
[EventDate "2020.05.19"]
[WhiteTeam "Bradford DCA Knights B"]
[BlackTeam "Weston Super Mare"]

1. e4 c5 2. f4 d5 3. exd5 Nf6 4. c4 e6 5. dxe6 Bxe6 6. Nf3 Nc6 7. Be2 Bd6 8. d3
Qc7 9. Nc3 a6 10. O-O Bxf4 11. Bxf4 Qxf4 12. Kh1 Rd8 13. Qa4 O-O 14. g3 Qe3 15.
Rae1 Bh3 16. Nd1 Qh6 17. Rg1 Ng4 18. Nh4 Qd2 19. Nf3 Qxd1 20. Rxd1 Nf2# 0-1

[Event "4NCL Online Division 4"]
[Site "online"]
[Date "2020.05.19"]
[Round "7.32"]
[White "Szarka, Szilard"]
[Black "Ibbitson, Anthony"]
[Result "1-0"]
[WhiteElo "1895"]
[BlackElo "1735"]
[PlyCount "47"]
[EventDate "2020.05.19"]
[WhiteTeam "Weston Super Mare"]
[BlackTeam "Bradford DCA Knights B"]

1. d4 d5 2. Bf4 Nf6 3. e3 Bg4 4. Nf3 e6 5. Nbd2 c6 6. c3 Bd6 7. Qb3 b6 8. Ne5
Bf5 9. Be2 Qc7 10. g4 Bg6 11. h4 Ne4 12. h5 Nxd2 13. Kxd2 Be4 14. f3 f6 15.
fxe4 fxe5 16. Bg5 O-O 17. h6 g6 18. Rhf1 Rxf1 19. Rxf1 Nd7 20. exd5 exd5 21. e4
exd4 22. cxd4 Qb7 23. exd5 cxd5 24. Bf3 1-0

[Event "4NCL Online Division 4"]
[Site "online"]
[Date "2020.05.19"]
[Round "7.33"]
[White "Tait, Bill"]
[Black "Isaac, Oliver T"]
[Result "1/2-1/2"]
[WhiteElo "1640"]
[BlackElo "1682"]
[PlyCount "42"]
[EventDate "2020.05.19"]
[WhiteTeam "Bradford DCA Knights B"]
[BlackTeam "Weston Super Mare"]

1. e4 d5 2. exd5 Nf6 3. d4 Nxd5 4. c3 g6 5. Nf3 Bg7 6. Be2 O-O 7. O-O Nc6 8.
Na3 Nb6 9. Nc4 Be6 10. Nce5 Nxe5 11. Nxe5 c6 12. Bf4 Nd5 13. Bg3 Qb6 14. Qb3
Nf4 15. Qc2 Nxe2+ 16. Qxe2 Rad8 17. Nd3 Bc4 18. b3 Ba6 19. Rfd1 Rfe8 20. Qc2
Bxd3 21. Rxd3 e5 1/2-1/2

[Event "4NCL Online Division 4"]
[Site "online"]
[Date "2020.05.19"]
[Round "7.34"]
[White "Murphy, Jack"]
[Black "Waite, Nicholas"]
[Result "1-0"]
[WhiteElo "1502"]
[BlackElo "1412"]
[PlyCount "95"]
[EventDate "2020.05.19"]
[WhiteTeam "Weston Super Mare"]
[BlackTeam "Bradford DCA Knights B"]

1. e4 d6 2. d4 Nf6 3. Nc3 e5 4. dxe5 dxe5 5. Qxd8+ Kxd8 6. Nf3 Bd6 7. Bg5 Be6
8. O-O-O Nbd7 9. Nb5 Bc5 10. Nxe5 a6 11. Nxd7 Bxd7 12. Bxf6+ gxf6 13. Nc3 c6
14. f3 Kc7 15. Bc4 Raf8 16. Kb1 b5 17. Bb3 Rhg8 18. g4 h6 19. Rd3 a5 20. Rhd1
Rd8 21. Bxf7 Rgf8 22. Bg6 Be6 23. Rxd8 Rxd8 24. Rxd8 Kxd8 25. Kc1 Bg1 26. h3 b4
27. Ne2 Bb6 28. b3 Kd7 29. Kd2 c5 30. Nf4 Bg8 31. Nh5 Bd8 32. Kd3 Ke6 33. Ng7+
Ke5 34. Ke3 Bb6 35. f4+ Kd6 36. Nf5+ Kd7 37. Nxh6 c4+ 38. Kd2 cxb3 39. axb3 Be6
40. Bf5 Bxf5 41. Nxf5 Ke6 42. h4 Bc7 43. Nd4+ Kd7 44. f5 Bg3 45. h5 Bf4+ 46.
Kd3 Ke7 47. Kc4 Be5 48. Nc6+ 1-0

[Event "4NCL Online Division 4"]
[Site "online"]
[Date "2020.05.19"]
[Round "7.41"]
[White "Tomlinson, Zak"]
[Black "Morgan, Jamie"]
[Result "1/2-1/2"]
[WhiteElo "1802"]
[BlackElo "1877"]
[PlyCount "93"]
[EventDate "2020.05.19"]
[WhiteTeam "Chessmates"]
[BlackTeam "Camborne & Redruth"]

1. e4 c5 2. Nf3 g6 3. d4 cxd4 4. Nxd4 Nc6 5. c4 Nf6 6. Nc3 d6 7. Be2 Nxd4 8.
Qxd4 Bg7 9. Be3 O-O 10. f3 Ng4 11. Qd2 Nxe3 12. Qxe3 Qa5 13. O-O Bxc3 14. Qxc3
Qxc3 15. bxc3 Be6 16. Rfb1 b6 17. Rb4 Rfc8 18. a4 Rc5 19. Rb5 Rac8 20. a5 Bxc4
21. Rxc5 Rxc5 22. axb6 axb6 23. Bxc4 Rxc4 24. Rb1 Rc6 25. Rb3 Kf8 26. Kf2 Ke8
27. Ke3 Kd7 28. Kd4 e5+ 29. Kd3 Ke6 30. c4 h5 31. Ra3 Rc5 32. Rb3 Rc6 33. Ra3
Rc7 34. Rb3 Rb7 35. Kc3 Kd7 36. Kb4 Kc6 37. Ra3 f5 38. Ra8 Rf7 39. Rc8+ Kd7 40.
Rg8 Rf6 41. Kb5 fxe4 42. fxe4 Rf4 43. Rg7+ Ke6 44. Rxg6+ Kd7 45. Rg7+ Ke6 46.
Rg6+ Kd7 47. Rg7+ 1/2-1/2

[Event "4NCL Online Division 4"]
[Site "online"]
[Date "2020.05.19"]
[Round "7.42"]
[White "Smith, Richard AL"]
[Black "Fisher, Neal"]
[Result "0-1"]
[WhiteElo "1787"]
[BlackElo "1720"]
[PlyCount "74"]
[EventDate "2020.05.19"]
[WhiteTeam "Camborne & Redruth"]
[BlackTeam "Chessmates"]

1. e4 e5 2. f4 exf4 3. Nf3 d6 4. Bc4 h6 5. d4 g5 6. O-O Be7 7. Nc3 c6 8. e5 d5
9. Bd3 Bg4 10. h3 Bxf3 11. Qxf3 Qb6 12. Ne2 h5 13. h4 Nd7 14. e6 fxe6 15. Bg6+
Kd8 16. hxg5 e5 17. Kh1 Bxg5 18. Qc3 Ne7 19. Bf7 h4 20. dxe5 Nc5 21. Nxf4 Ne4
22. Ne6+ Kd7 23. Qh3 Ng3+ 24. Kh2 Nxf1+ 25. Kh1 Ng3+ 26. Kh2 Nef5 27. Bxg5 Qxb2
28. Nc5+ Kc7 29. Re1 Qxc2 30. Rc1 Qxa2 31. Be7 Rh7 32. Bd6+ Kb6 33. Qg4 a5 34.
Na4+ Ka6 35. Nc5+ Ka7 36. Nd7 h3 37. Bc5+ Ka6 0-1

[Event "4NCL Online Division 4"]
[Site "online"]
[Date "2020.05.19"]
[Round "7.43"]
[White "Webster, Vivien"]
[Black "Jenkins, David J"]
[Result "1-0"]
[WhiteElo "1720"]
[BlackElo "1772"]
[PlyCount "67"]
[EventDate "2020.05.19"]
[WhiteTeam "Chessmates"]
[BlackTeam "Camborne & Redruth"]

1. e4 c6 2. Nc3 d5 3. exd5 cxd5 4. d4 Nf6 5. Nf3 Bg4 6. Be2 e6 7. O-O Be7 8.
Ne5 Bxe2 9. Qxe2 a6 10. Bg5 O-O 11. Bxf6 Bxf6 12. Nd1 Qc7 13. f4 Nc6 14. c3 b5
15. Nf2 g6 16. Nfg4 Bg7 17. a3 Na5 18. Rf3 Rac8 19. a4 Nc4 20. axb5 axb5 21.
Nd3 Rb8 22. Nc5 Ra8 23. Rb1 Ra2 24. Ne5 Rfa8 25. Nxc4 bxc4 26. g4 Bf8 27. Qf2
R8a5 28. Kg2 Bxc5 29. dxc5 Qxc5 30. Qh4 Qf8 31. f5 e5 32. fxg6 hxg6 33. Rh3 Qg7
34. Qd8+ 1-0

[Event "4NCL Online Division 4"]
[Site "online"]
[Date "2020.05.19"]
[Round "7.44"]
[White "Humpleby, Richard"]
[Black "Harris, John"]
[Result "0-1"]
[WhiteElo "1555"]
[BlackElo "1712"]
[PlyCount "88"]
[EventDate "2020.05.19"]
[WhiteTeam "Camborne & Redruth"]
[BlackTeam "Chessmates"]

1. e4 d6 2. d4 Nf6 3. Nc3 e5 4. dxe5 dxe5 5. Qxd8+ Kxd8 6. Bg5 c6 7. Bc4 Ke8 8.
O-O-O Be7 9. f3 Nbd7 10. Be3 b5 11. Bb3 a5 12. a3 Bc5 13. Bxc5 Nxc5 14. Ba2 b4
15. axb4 axb4 16. Kb1 bxc3 17. b3 Ke7 18. Ne2 Be6 19. Nxc3 Rhb8 20. Kb2 Na4+
21. Nxa4 Rxa4 22. Ra1 Ra7 23. Rhd1 Nd7 24. Rd3 Nc5 25. Re3 f6 26. Bb1 Rd7 27.
Kc1 Nxb3+ 28. cxb3 Rxb3 29. Rxb3 Bxb3 30. Bc2 Bc4 31. Ra3 c5 32. Rc3 Bf1 33. g3
c4 34. Ba4 Ra7 35. Bc2 Kd6 36. Re3 Kc5 37. f4 Kd4 38. Re1 Bd3 39. Bxd3 cxd3 40.
Kb2 Rb7+ 41. Ka2 d2 42. Rd1 Kc3 43. fxe5 fxe5 44. Rf1 Kc2 0-1

[Event "4NCL Online Division 4"]
[Site "online"]
[Date "2020.05.19"]
[Round "7.51"]
[White "Hooker, Steve"]
[Black "Turner, Lewis A"]
[Result "0-1"]
[WhiteElo "1990"]
[BlackElo "1802"]
[PlyCount "80"]
[EventDate "2020.05.19"]
[WhiteTeam "Dorking"]
[BlackTeam "Bristol Cabot Blackbeards"]

1. e4 c5 2. Nc3 Nc6 3. Nf3 g6 4. d4 cxd4 5. Nxd4 Bg7 6. Be3 d6 7. Qd2 Nf6 8.
Nxc6 bxc6 9. Bh6 O-O 10. Bxg7 Kxg7 11. O-O-O Qa5 12. h4 h5 13. f3 Be6 14. Kb1
Rab8 15. b3 Qa3 16. g4 hxg4 17. h5 Rh8 18. Be2 Nxh5 19. fxg4 Nf6 20. Qd4 Qb4
21. Qe3 Nd7 22. Kb2 a5 23. Qg5 f6 24. Qe3 Qc5 25. Qd2 g5 26. Rdf1 Ne5 27. Nd1
Qb4 28. Qe3 a4 29. Rhg1 axb3 30. cxb3 Ra8 31. Nc3 Rhb8 32. Kc2 Rxa2+ 33. Nxa2
Bxb3+ 34. Kc1 Bxa2 35. Bd3 Nxd3+ 36. Qxd3 Bc4 37. Qc2 Bxf1 38. Rxf1 Qa3+ 39.
Kd1 Rb2 40. Qc1 Qd3+ 0-1